Visualizzazione normale
Vista MARC
- ACLI
di Personal Name
Records bibliografici associati: 1
001 - CONTROL NUMBER
- control field: 59040
003 - CONTROL NUMBER IDENTIFIER
- control field:
005 - DATE AND TIME OF LATEST TRANSACTION
- control field: 20210916152748.0
008 - FIXED-LENGTH DATA ELEMENTS
- fixed length control field: 210916|| aca||aabn | a|a d
040 ## - CATALOGING SOURCE
- Original cataloging agency:
- Transcribing agency:
100 ## - HEADING--PERSONAL NAME
- Personal name: ACLI
670 ## - SOURCE DATA FOUND
- Source citation: Work cat.: (): ACLI, Nessuno escluso: sperimentazione di servizi integrati a favore di persone in condizioni di disagio socio-economico, 2009